[Event "Turtle Speed # 18"]
[Site "SchemingMind.com"]
[Date "2009.01.11"]
[Round "-"]
[White "adub"]
[Black "alejandroales"]
[Result "0-1"]
[WhiteCountry "USA"]
[BlackCountry "ARG"]
[WhiteElo "1496"]
[WhiteRD "143"]
[BlackElo "1832"]
[BlackRD "87"]
[GameID "187327"]

1. c4 c6 2. d4 d5 3. b3 Nf6 4. Nc3 e6 5. a3 Bd6 6. c5 Bc7 7. Nf3 Nbd7 8. Bg5 e5 9. dxe5 Nxe5 10. e3 O-O
11. Be2 Re8 12. O-O Qe7 13. b4 Nxf3+ 14. Bxf3 Qe5 15. Bf4 Qe7 16. Bxc7 Qxc7 17. Re1 Bf5 18. h3 Qe5 19. Qd4 Qxd4 20. exd4 Kf8
21. g4 Bg6 22. Bg2 Rxe1+ 23. Rxe1 Re8 24. Re3 Rxe3 25. fxe3 Ke7 26. Kf2 Ke6 27. a4 Bd3 28. Bf3 g5 29. Be2 Bxe2 30. Kxe2 h5
31. Kf3 hxg4+ 32. hxg4 a6 33. a5 Kd7 34. Nd1= Ne4 35. Nb2 Ke6 36. Nd1 f5 37. gxf5+ Kxf5 38. Ke2 Kg4 39. Nf2+ Nxf2 40. Kxf2 Kf5
0-1

[Event "Turtle Speed # 18"]
[Site "SchemingMind.com"]
[Date "2009.01.11"]
[Round "-"]
[White "alejandroales"]
[Black "adub"]
[Result "1-0"]
[WhiteCountry "ARG"]
[BlackCountry "USA"]
[WhiteElo "1785"]
[WhiteRD "92"]
[BlackElo "1536"]
[BlackRD "184"]
[GameID "187328"]

1. d4 d5 2. c4 e6 3. Nc3 Nf6 4. Bg5 Nc6 5. e3 Bb4 6. Qc2 O-O 7. Bd3 g6 8. Nf3 Be7 9. h4 h5 10. a3 a6
11. Bh6 Re8 12. Bxg6 Bf8 13. Bg5 Bg7 14. Bxh5 Kf8 15. cxd5 exd5 16. Qb3 Qd6 17. Bxf6 Bxf6 18. Qxd5 Qxd5 19. Nxd5 Bd8 20. Rc1 Be6
21. Nf4 Bf5 22. g4 Be4 23. g5 Kg7 24. Rg1 Rh8 25. Ne5 f6 26. gxf6+ Kxf6 27. Nd7+ Ke7 28. Rg7+
1-0

[Event "Turtle Speed # 18"]
[Site "SchemingMind.com"]
[Date "2009.01.14"]
[Round "-"]
[White "Alvaro.H.A"]
[Black "alejandroales"]
[Result "0-1"]
[WhiteCountry "IRL"]
[BlackCountry "ARG"]
[WhiteElo "1429"]
[WhiteRD "210"]
[BlackElo "1785"]
[BlackRD "92"]
[GameID "187710"]

1. d4 d5 2. e3 c5 3. Bb5+ Nc6 4. dxc5 e5 5. Nf3 Bg4 6. h3 Bh5 7. Nc3 Nf6 8. b3 Bxc5 9. Bb2 O-O 10. O-O e4
11. Nh4 Bxd1 12. Raxd1 Ne5 13. a3 a6 14. Be2 Rc8 15. Na4 Bd6 16. Bd4 Rxc2 17. Bb6 Qd7 18. Rfe1 Rxe2 19. Rxe2 Nd3
0-1

[Event "Turtle Speed # 18"]
[Site "SchemingMind.com"]
[Date "2009.01.14"]
[Round "-"]
[White "Alvaro.H.A"]
[Black "adub"]
[Result "0-1"]
[WhiteCountry "IRL"]
[BlackCountry "USA"]
[WhiteElo "1370"]
[WhiteRD "164"]
[BlackElo "1496"]
[BlackRD "143"]
[GameID "187711"]

1. e4 c5 2. d3 Nc6 3. Nf3 e6 4. Nc3 d5 5. e5 g6 6. Bg5 Be7 7. d4 Bxg5 8. Nxg5 Qxg5 9. f4 Qxf4 10. Ne2 Qe4
11. Rg1 Nxd4 12. c3 Nc2+ 13. Kd2 Nxa1 14. Qxa1 Qxe5 15. g3 Nf6 16. Qe1 b6 17. Nf4 Qxe1+ 18. Kxe1 Ne4 19. Rg2 O-O
0-1

[Event "Turtle Speed # 18"]
[Site "SchemingMind.com"]
[Date "2009.01.15"]
[Round "-"]
[White "alejandroales"]
[Black "Alvaro.H.A"]
[Result "1-0"]
[WhiteCountry "ARG"]
[BlackCountry "IRL"]
[WhiteElo "1785"]
[WhiteRD "92"]
[BlackElo "1429"]
[BlackRD "210"]
[GameID "187712"]

1. d4 d5 2. c4 dxc4 3. Nf3 Nc6 4. e3 e6 5. Bxc4 Bb4+ 6. Nc3 Nf6 7. O-O O-O 8. Qe2 Qd6 9. Nb5 Qe7 10. a3 a6
11. Nxc7 Qxc7 12. axb4 Nxb4 13. Bd2 Nc2 14. Rac1 Ne4 15. Bd3 Nxd2 16. Qxd2 Rd8 17. Rxc2 Qd6 18. Rfc1 Qd7 19. Rc7 Qd5 20. Ne5 f6
21. Bxh7+ Kxh7 22. Qd3+ Kg8 23. Qg6 fxe5 24. Qxg7#
1-0

[Event "Turtle Speed # 18"]
[Site "SchemingMind.com"]
[Date "2009.01.15"]
[Round "-"]
[White "adub"]
[Black "Alvaro.H.A"]
[Result "0-1"]
[WhiteCountry "USA"]
[BlackCountry "IRL"]
[WhiteElo "1413"]
[WhiteRD "108"]
[BlackElo "1383"]
[BlackRD "140"]
[GameID "187713"]

1. c4 e5 2. Nc3 c6 3. e3 d5 4. d4 e4 5. b3 Bb4 6. Bb2 Na6 7. a3 Bd6 8. b4 Nf6 9. c5 Bc7 10. Bxa6 bxa6
11. Nge2 O-O 12. O-O Be6 13. f3 exf3 14. Rxf3 Ng4 15. g3 Qg5 16. Qd3 Qh5 17. Nf4 Qxh2+ 18. Kf1 Qh1+ 19. Ke2 Qh2+ 20. Kd1 Qxb2
21. Ra2 Nf2+
0-1

[Event "Turtle Speed # 18"]
[Site "SchemingMind.com"]
[Date "2009.01.14"]
[Round "-"]
[White "Heidi"]
[Black "alejandroales"]
[Result "0-1"]
[WhiteCountry "USA"]
[BlackCountry "ARG"]
[WhiteElo "1142"]
[WhiteRD "109"]
[BlackElo "1785"]
[BlackRD "92"]
[GameID "187721"]

1. e4 c5 2. Nc3 Nc6 3. Nf3 e6 4. Bc4 a6 5. a4 Nf6 6. d3 d5 7. O-O dxc4 8. dxc4 Qxd1 9. Nxd1 Nxe4 10. Re1 Nf6
11. Nc3 Be7 12. Be3 O-O 13. Bxc5 Bxc5 14. Rf1 Rd8 15. Ne2 b6 16. Rab1 Bb7 17. Rfc1 Nd4 18. Nfxd4 Bxd4
0-1

[Event "Turtle Speed # 18"]
[Site "SchemingMind.com"]
[Date "2009.01.14"]
[Round "-"]
[White "Heidi"]
[Black "adub"]
[Result "0-1"]
[WhiteCountry "USA"]
[BlackCountry "USA"]
[WhiteElo "1142"]
[WhiteRD "109"]
[BlackElo "1536"]
[BlackRD "184"]
[GameID "187722"]

1. e4 e5 2. Nf3 Nc6 3. Nc3 Bb4 4. a3 Bxc3 5. dxc3 Nf6 6. Bc4 Nxe4 7. Qe2 d5 8. Bd3 Bf5 9. O-O O-O 10. Bg5 Nxg5
11. Bxf5 Nxf3+ 12. Qxf3 Qf6 13. Qxd5 Qxf5 14. Rad1 Qxc2 15. Rd2 Qg6 16. Re1 Rfe8 17. g3 Qe6 18. Qe4 f5 19. Qh4 Qf6 20. Qh3 f4
21. Red1 e4 22. Rd4 Nxd4 23. cxd4 e3 24. Kf1 e2+ 25. Ke1 exd1=Q+ 26. Kxd1 Qxd4+ 27. Kc1 Qxf2 28. gxf4 Re1#
0-1

[Event "Turtle Speed # 18"]
[Site "SchemingMind.com"]
[Date "2009.01.14"]
[Round "-"]
[White "Heidi"]
[Black "Alvaro.H.A"]
[Result "0-1"]
[WhiteCountry "USA"]
[BlackCountry "IRL"]
[WhiteElo "946"]
[WhiteRD "62"]
[BlackElo "1370"]
[BlackRD "164"]
[GameID "187723"]

1. e4 e5 2. Nf3 d6 3. h3 Nf6 4. Nc3 Nc6 5. Bc4 Na5 6. Bb5+ Bd7 7. d4 Be7 8. O-O a6 9. Bd3 c5 10. d5 c4
11. Be2 b5 12. Na4 bxa4 13. Ng5 h6 14. b3 hxg5 15. bxc4 Nxe4 16. Bd3 Nc5 17. Be2 f5 18. g4 Rxh3 19. Kg2 fxg4 20. Rh1 Rxh1
21. Kxh1 Ne4 22. Qd3 Nxf2+ 23. Kg2 Nxd3 24. Bxd3 Kf7 25. Bd2 Qh8 26. Bxa5 Qh3+ 27. Kf2 g3+ 28. Kg1 Qh2+ 29. Kf1 Qf2#
0-1

[Event "Turtle Speed # 18"]
[Site "SchemingMind.com"]
[Date "2009.01.14"]
[Round "-"]
[White "alejandroales"]
[Black "Heidi"]
[Result "1-0"]
[WhiteCountry "ARG"]
[BlackCountry "USA"]
[WhiteElo "1785"]
[WhiteRD "92"]
[BlackElo "1142"]
[BlackRD "109"]
[GameID "187724"]

1. e4 e5 2. Nf3 Nc6 3. Bb5 Nf6 4. Nc3 Bc5 5. d3 O-O 6. O-O d6 7. Bg5 Nd4 8. Nxd4 exd4 9. Nd5 a6 10. Nxf6+ Kh8
11. Nxh7 axb5 12. Bxd8 Rxd8 13. Qh5 Kg8 14. Ng5 Rf8 15. Qh7#
1-0

[Event "Turtle Speed # 18"]
[Site "SchemingMind.com"]
[Date "2009.01.14"]
[Round "-"]
[White "adub"]
[Black "Heidi"]
[Result "1-0"]
[WhiteCountry "USA"]
[BlackCountry "USA"]
[WhiteElo "1536"]
[WhiteRD "184"]
[BlackElo "1142"]
[BlackRD "109"]
[GameID "187725"]

1. e4 e5 2. Nf3 Nc6 3. c3 Nf6 4. d4 Nxe4 5. d5 Nxc3 6. Nxc3 Na5 7. Nxe5 Nb3 8. Qxb3 Bd6 9. Bf4 c6 10. dxc6 dxc6
11. Qxf7#
1-0

[Event "Turtle Speed # 18"]
[Site "SchemingMind.com"]
[Date "2009.01.14"]
[Round "-"]
[White "Alvaro.H.A"]
[Black "Heidi"]
[Result "1-0"]
[WhiteCountry "IRL"]
[BlackCountry "USA"]
[WhiteElo "1429"]
[WhiteRD "210"]
[BlackElo "1142"]
[BlackRD "109"]
[GameID "187726"]

1. e4 e5 2. Nf3 Nc6 3. Bc4 Nf6 4. Nc3 Bc5 5. Qe2 O-O 6. a3 d5 7. exd5 Na5 8. Nxe5 Nxc4 9. Qxc4 Re8 10. d4 Bd6
11. Bf4 Nd7 12. O-O-O Nb6 13. Qd3 Bg4 14. f3 Bh5 15. Ne4 Bg6 16. Bg5 f6 17. Nxg6 hxg6 18. Nxf6+ Kf8 19. Nh7+ Kg8 20. Bxd8 Rexd8
21. Ng5 Nxd5 22. Qxg6 Bf8 23. Qh7#
1-0

[Event "Turtle Speed # 18"]
[Site "SchemingMind.com"]
[Date "2009.01.15"]
[Round "-"]
[White "Brian Acebo"]
[Black "alejandroales"]
[Result "0-1"]
[WhiteCountry "USA"]
[BlackCountry "ARG"]
[WhiteElo "1578"]
[WhiteRD "66"]
[BlackElo "1830"]
[BlackRD "97"]
[GameID "187795"]

1. e4 e6 2. d4 d5 3. Nc3 Nf6 4. Bg5 Bb4 5. e5 h6 6. Bd2 Bxc3 7. bxc3 Ne4 8. Nf3 c5 9. Bb5+ Nc6 10. O-O Qc7
11. Bxc6+ bxc6 12. Rb1 a5 13. a4 Ba6 14. Re1 Ke7 15. Be3 Nxc3 16. Qd2 Nxb1 17. Rxb1 Rhb8 18. Rc1 Rb4 19. c3 Rxa4 20. Qc2 Bb5
21. h3 Rb8 22. g3 c4 23. Kg2 Ra3 24. Ne1 Ba4 25. Qe2 Rab3 26. Nf3 Rb2 27. Qf1 Ra2 28. Ne1 Rbb2 29. h4 c5 30. Nf3 Bc2
31. Ne1 Be4+ 32. Kg1 Re2 33. Ng2 Bxg2 34. Qxg2 Rxe3 35. Qf1 Ree2 36. Rb1 Rxf2 37. Qxf2 Rxf2 38. Kxf2 cxd4 39. cxd4 c3
0-1

[Event "Turtle Speed # 18"]
[Site "SchemingMind.com"]
[Date "2009.01.15"]
[Round "-"]
[White "Brian Acebo"]
[Black "Heidi"]
[Result "1-0"]
[WhiteCountry "USA"]
[BlackCountry "USA"]
[WhiteElo "1591"]
[WhiteRD "67"]
[BlackElo "943"]
[BlackRD "65"]
[GameID "187796"]

1. e4 e5 2. Nf3 Nc6 3. Bb5 Bc5 4. c3 a6 5. Ba4 b5 6. Bb3 Nf6 7. d3 O-O 8. h3 d6 9. O-O Bd7 10. Bg5 h6
11. Bh4 Na5 12. Bc2 Qe8 13. b4 Bb6 14. bxa5 Bxa5 15. Bxf6 Bb6 16. Bh4 f6 17. Nbd2 Rf7 18. Bb3 Be6 19. c4 g5 20. Bg3 c5
21. Rb1 b4 22. Ra1 a5 23. a3 Rc8 24. axb4 cxb4 25. Ba4 Qe7 26. Nb3 h5 27. Bb5 Qb7 28. Nxa5 Qc7 29. Nb3 Rh7 30. Nfd2 g4
31. hxg4 hxg4 32. Re1 Rh5 33. Ra4 Qh7 34. Kf1 f5 35. Rxb4 fxe4 36. Nxe4 Ra8 37. Nf6+
1-0

[Event "Turtle Speed # 18"]
[Site "SchemingMind.com"]
[Date "2009.01.15"]
[Round "-"]
[White "Brian Acebo"]
[Black "adub"]
[Result "1-0"]
[WhiteCountry "USA"]
[BlackCountry "USA"]
[WhiteElo "1591"]
[WhiteRD "67"]
[BlackElo "1413"]
[BlackRD "108"]
[GameID "187797"]

1. e4 e5 2. Nc3 Nf6 3. f4 Nc6 4. g4 d6 5. d3 Bxg4 6. Be2 Bxe2 7. Qxe2 Nd4 8. Qf2 Ng4 9. Qg3 Nxc2+ 10. Kd1 Nxa1
11. Qxg4 Qf6 12. f5 g6 13. Bg5 Qg7 14. Qh4 Qg8 15. Nd5 h6 16. Nf6+
1-0

[Event "Turtle Speed # 18"]
[Site "SchemingMind.com"]
[Date "2009.01.15"]
[Round "-"]
[White "Brian Acebo"]
[Black "Alvaro.H.A"]
[Result "1-0"]
[WhiteCountry "USA"]
[BlackCountry "IRL"]
[WhiteElo "1578"]
[WhiteRD "66"]
[BlackElo "1296"]
[BlackRD "121"]
[GameID "187798"]

1. e4 e5 2. Nf3 d6 3. d4 Nc6 4. d5 Na5 5. b4 Nf6 6. bxa5 Be7 7. Bb5+ Bd7 8. Bxd7+ Qxd7 9. Nc3 O-O 10. O-O b6
11. axb6 axb6 12. Qe2 Ra5 13. Rb1 Rc5 14. Bd2 Rb8 15. Rb2 b5 16. Rfb1 b4 17. Rxb4 Rxb4 18. Rxb4
1-0

[Event "Turtle Speed # 18"]
[Site "SchemingMind.com"]
[Date "2009.01.15"]
[Round "-"]
[White "alejandroales"]
[Black "Brian Acebo"]
[Result "1-0"]
[WhiteCountry "ARG"]
[BlackCountry "USA"]
[WhiteElo "1820"]
[WhiteRD "88"]
[BlackElo "1591"]
[BlackRD "67"]
[GameID "187799"]

1. d4 d5 2. c4 Nf6 3. cxd5 Nxd5 4. e4 Nb6 5. Nc3 e6 6. Be3 Bb4 7. Bd3 O-O 8. Qc2 Re8 9. Ne2 Nc6 10. O-O h6
11. Rad1 Nd7 12. f4 Ne7 13. f5 exf5 14. e5 b6 15. Bxf5 Nxf5 16. Rxf5 Nf8 17. Rf2 Bb7 18. Qb3 Bxc3 19. Qxf7+ Kh8 20. bxc3 Bd5
21. Qh5 Bxa2 22. Rdf1 Ne6 23. Bxh6 gxh6 24. Qxh6+ Kg8 25. Rf7
1-0

[Event "Turtle Speed # 18"]
[Site "SchemingMind.com"]
[Date "2009.01.16"]
[Round "-"]
[White "Heidi"]
[Black "Brian Acebo"]
[Result "0-1"]
[WhiteCountry "USA"]
[BlackCountry "USA"]
[WhiteElo "943"]
[WhiteRD "65"]
[BlackElo "1591"]
[BlackRD "67"]
[GameID "187800"]

1. e4 c6 2. Nf3 d5 3. d3 Bg4 4. Bf4 e6 5. Be2 Nf6 6. Nc3 Bd6 7. e5 Nh5 8. Bg5 Be7 9. O-O Bxf3 10. Bxe7 Qxe7
11. Bxf3 Nf4 12. Re1 Nd7 13. g3 Ng6 14. Bh5 Ngxe5 15. d4 Nc4 16. Rb1 Nf6 17. Qd3 Nxh5 18. Qe2 O-O 19. Qxh5 Nd6 20. Qe5 b5
21. b3 Ne8 22. Ne2 Qd6 23. f4 Qxe5 24. dxe5 a5 25. Nd4 Ra6 26. a4 b4 27. Rbc1 Nc7 28. h4 c5 29. Nf3 c4 30. h5 h6
31. Nh4 c3 32. g4 Kh7 33. g5 hxg5 34. fxg5 f6 35. Rf1 f5 36. Kf2 d4 37. Rcd1 Nd5 38. Rxd4 Rc6 39. Kg1 Rc7 40. g6+ Kh6
41. Rff4 Nxf4 42. Rxf4 Rc5 43. Rd4 Kxh5 44. Nf3 Kxg6 45. Rd6 Re8 46. Nh4+ Kf7 47. Rd7+ Re7 48. Rd8 Rxe5 49. Nf3 Rd5 50. Ra8 Kf6
51. Kg2 g5 52. Rxa5 Rxa5
0-1

[Event "Turtle Speed # 18"]
[Site "SchemingMind.com"]
[Date "2009.01.16"]
[Round "-"]
[White "adub"]
[Black "Brian Acebo"]
[Result "0-1"]
[WhiteCountry "USA"]
[BlackCountry "USA"]
[WhiteElo "1329"]
[WhiteRD "101"]
[BlackElo "1615"]
[BlackRD "68"]
[GameID "187801"]

1. d4 Nf6 2. c4 e6 3. a3 g6 4. Bg5 Bg7 5. Nc3 O-O 6. Nf3 b6 7. e4 Qe8 8. Bxf6 Bxf6 9. e5 Bg7 10. b4 Bb7
11. Be2 d6 12. exd6 cxd6 13. O-O a6 14. Re1 Qd7 15. Qd2 b5 16. cxb5 axb5 17. Bxb5 Qe7 18. Qe3 Bc6 19. a4 Bxb5 20. Nxb5 Nc6
21. Qc3 Rfc8 22. Qd3 d5 23. Qd2 Nxb4 24. Ne5 Nc2 25. Rec1 Nxa1 26. Rxa1 Bxe5 27. dxe5 Rc4
0-1

[Event "Turtle Speed # 18"]
[Site "SchemingMind.com"]
[Date "2009.01.15"]
[Round "-"]
[White "Alvaro.H.A"]
[Black "Brian Acebo"]
[Result "0-1"]
[WhiteCountry "IRL"]
[BlackCountry "USA"]
[WhiteElo "1296"]
[WhiteRD "121"]
[BlackElo "1578"]
[BlackRD "66"]
[GameID "187802"]

1. e4 c6 2. d4 d5 3. e5 Bf5 4. Bd3 Bxd3 5. Qxd3 e6 6. Nf3 Nd7 7. Bd2 g6 8. O-O Bg7 9. Nc3 Ne7 10. b4 a6
11. Na4 b5 12. Nc5 Nxc5 13. bxc5 O-O 14. Bg5 Qc7 15. c3 Rfb8 16. Rfb1 a5 17. a4 Rb7 18. axb5 cxb5
0-1

[Event "Turtle Speed # 18"]
[Site "SchemingMind.com"]
[Date "2009.01.15"]
[Round "-"]
[White "Archon"]
[Black "alejandroales"]
[Result "0-1"]
[WhiteCountry "CAN"]
[BlackCountry "ARG"]
[WhiteElo "1694"]
[WhiteRD "57"]
[BlackElo "1832"]
[BlackRD "87"]
[GameID "187805"]

1. d4 d5 2. e4 c6 3. Nc3 dxe4 4. f3 exf3 5. Nxf3 Nf6 6. Bd3 Bg4 7. h3 Bxf3 8. Qxf3 Qxd4 9. Be3 Qb4 10. O-O-O Nbd7
11. Rhe1 e6 12. Bf4 Be7 13. Bc7 Nd5 14. Nxd5 cxd5 15. Rf1 Bf6 16. b3 Rc8 17. Bh2 Nc5 18. g4 O-O 19. h4 Bxh4 20. Be5 Bg5+
21. Kb1 Na4 22. Bxh7+ Kxh7 23. Rh1+ Kg8 24. Qh3 f6 25. Qh7+ Kf7 26. Ba1 Nc3+ 27. Bxc3 Qxc3 28. Qh5+ Ke7 29. Qh2 Rh8 30. Qe2 Rxh1
31. Rxh1 Be3 32. Rh7 Bh6 33. Qh2 Qe1+ 34. Kb2 Bc1+
0-1

[Event "Turtle Speed # 18"]
[Site "SchemingMind.com"]
[Date "2009.01.15"]
[Round "-"]
[White "Archon"]
[Black "Brian Acebo"]
[Result "1-0"]
[WhiteCountry "CAN"]
[BlackCountry "USA"]
[WhiteElo "1694"]
[WhiteRD "57"]
[BlackElo "1549"]
[BlackRD "66"]
[GameID "187806"]

1. d4 d5 2. e4 e6 3. Be3 c5 4. dxc5 Qc7 5. Qd4 Nd7 6. Bb5 Nf6 7. Nc3 Be7 8. Nf3 O-O 9. O-O-O Nxc5 10. exd5 exd5
11. Nxd5 Qd6 12. Nxe7+ Qxe7 13. Qxc5 Qxc5 14. Bxc5
1-0

[Event "Turtle Speed # 18"]
[Site "SchemingMind.com"]
[Date "2009.01.15"]
[Round "-"]
[White "Archon"]
[Black "Heidi"]
[Result "1-0"]
[WhiteCountry "CAN"]
[BlackCountry "USA"]
[WhiteElo "1694"]
[WhiteRD "57"]
[BlackElo "946"]
[BlackRD "62"]
[GameID "187807"]

1. d4 d5 2. e4 Nf6 3. e5 Ne4 4. f3 Nd6 5. exd6 exd6 6. Be3 Bf5 7. Bd3 Be7 8. Bxf5 O-O 9. Ne2 Bh4+ 10. Bf2 Bg5
11. O-O g6 12. Bd3 Kg7 13. Nbc3 a5 14. Nxd5 Nc6 15. c3 Re8 16. Ndf4 Re7 17. Bg3 Qe8 18. Re1 Ra6 19. Bxa6 Kg8 20. Bb5 Rd7
21. Bxc6 bxc6 22. Nh3 Be3+ 23. Bf2 c5 24. Bxe3 Qxe3+ 25. Nf2 Qe8 26. dxc5 Rd8 27. cxd6 Rxd6 28. Qc2 Qc6 29. Rad1 Rf6 30. Rd8+ Kg7
31. Ne4 Re6 32. Nd4 Qb6 33. Kh1 c5 34. Nxe6+ Qxe6 35. Qd2 f5 36. Qd7+ Qf7 37. Qxf7+
1-0

[Event "Turtle Speed # 18"]
[Site "SchemingMind.com"]
[Date "2009.01.15"]
[Round "-"]
[White "Archon"]
[Black "adub"]
[Result "1-0"]
[WhiteCountry "CAN"]
[BlackCountry "USA"]
[WhiteElo "1694"]
[WhiteRD "57"]
[BlackElo "1496"]
[BlackRD "143"]
[GameID "187808"]

1. d4 d5 2. e4 dxe4 3. Nc3 Nf6 4. f3 exf3 5. Nxf3 Bg4 6. h3 Bh5 7. g4 Bg6 8. Ne5 Be4 9. Nxe4 Nxe4 10. Bg2 Nd6
11. Bxb7 Nxb7 12. Qf3 f6 13. Qxb7 Nd7 14. Nxd7 Kxd7 15. d5 Ke8 16. Qc6+ Kf7 17. Qe6+ Ke8 18. Bf4 g5 19. Bg3 Qd7 20. O-O-O Qxe6
21. dxe6 c6 22. Rd7 Bg7 23. Rhd1 f5 24. Bc7
1-0

[Event "Turtle Speed # 18"]
[Site "SchemingMind.com"]
[Date "2009.01.15"]
[Round "-"]
[White "Archon"]
[Black "Alvaro.H.A"]
[Result "1-0"]
[WhiteCountry "CAN"]
[BlackCountry "IRL"]
[WhiteElo "1710"]
[WhiteRD "56"]
[BlackElo "1296"]
[BlackRD "121"]
[GameID "187809"]

1. d4 d5 2. e4 dxe4 3. Nc3 Bf5 4. f3 e3 5. Bxe3 e6 6. Bd3 g6 7. Bxf5 gxf5 8. Qd2 Nf6 9. Bg5 Be7 10. Bh6 Nc6
11. Nge2 Qd7 12. Bf4 O-O-O 13. O-O-O Nh5 14. Be3 f4 15. Nxf4 Nf6 16. d5 exd5 17. Nfxd5 Nxd5 18. Nxd5 Qf5 19. Nxe7+ Nxe7 20. Qf2 Nd5
21. Bd4 Rhe8 22. Rhe1 Rxe1 23. Rxe1 Nf4 24. Bc3 Rd3 25. Bd2 Rxd2 26. Qxd2 b6 27. Re8+
1-0

[Event "Turtle Speed # 18"]
[Site "SchemingMind.com"]
[Date "2009.01.15"]
[Round "-"]
[White "alejandroales"]
[Black "Archon"]
[Result "1/2-1/2"]
[WhiteCountry "ARG"]
[BlackCountry "CAN"]
[WhiteElo "1832"]
[WhiteRD "87"]
[BlackElo "1694"]
[BlackRD "57"]
[GameID "187810"]

1. c4 g6 2. d4 Bg7 3. Nc3 d6 4. e4 a6 5. Be3 c6 6. Qd2 b5 7. Nf3 Bb7 8. Bd3 Nd7 9. O-O Qc7 10. Rac1 Nb6
11. cxb5 axb5 12. Nxb5 Qd7 13. Nc3 Ba6 14. d5 c5 15. e5 Bxd3 16. Qxd3 Nc8 17. exd6 exd6 18. Rfe1 Nge7 19. Bf4 O-O 20. a3 Nf5
21. Rc2 Nd4 22. Nxd4 Bxd4 23. Ne2 Bg7 24. Ng3 Rd8 25. Rce2 Ra4 26. Bg5 Rd4 27. Qe3 Rf8 28. Qf3 Rg4 29. Ne4 Rxe4 30. Qxe4 Qb7
31. b4 cxb4 32. axb4 Qb5 33. h4 h6 34. Bc1 Qd7 35. Bb2 Bxb2 36. Rxb2 Qb5 37. Qd4 Nb6 38. Rb3 Nxd5 39. Rd1 Nc7 40. Qxd6 Ne6
41. Rg3 Qe2 42. Qd3 Qh5 43. b5 Nf4 44. Qf3 Ne2+ 45. Kh2 Nxg3 46. fxg3 Qxb5 47. Qf6 h5 48. Rd4 Qb8 49. Rd5 Qc8 50. Rxh5= gxh5
51. Qg5+ Kh7 52. Qxh5+ Kg7 53. Qg5+ Kh7=
1/2-1/2

[Event "Turtle Speed # 18"]
[Site "SchemingMind.com"]
[Date "2009.01.15"]
[Round "-"]
[White "Brian Acebo"]
[Black "Archon"]
[Result "1/2-1/2"]
[WhiteCountry "USA"]
[BlackCountry "CAN"]
[WhiteElo "1578"]
[WhiteRD "66"]
[BlackElo "1710"]
[BlackRD "56"]
[GameID "187811"]

1. e4 g6 2. d4 Bg7 3. c4 d6 4. Nf3 Bg4 5. Be2 Bxf3 6. Bxf3 Nc6 7. Be3 e5 8. d5 Nd4 9. O-O Ne7 10. Nd2 O-O
11. Nb3 Nxf3+ 12. Qxf3 f5 13. Bg5 Qd7 14. h4 fxe4 15. Qxe4 Qf5 16. Qxf5 Nxf5 17. g3 h6 18. Bd2 h5 19. Bc3 Kh7 20. Rae1 b6
21. Kg2 Nd4 22. Bxd4 exd4 23. Re4 d3 24. Rd1 Rf7 25. Rxd3 Bxb2 26. Re2 Bg7 27. Rde3 Raf8 28. Nd2 Bh6 29. f4 Bg7 30. Nf3 Bf6
31. a4=
1/2-1/2

[Event "Turtle Speed # 18"]
[Site "SchemingMind.com"]
[Date "2009.01.16"]
[Round "-"]
[White "Heidi"]
[Black "Archon"]
[Result "0-1"]
[WhiteCountry "USA"]
[BlackCountry "CAN"]
[WhiteElo "946"]
[WhiteRD "62"]
[BlackElo "1694"]
[BlackRD "57"]
[GameID "187812"]

1. d4 g6 2. Nf3 Bg7 3. Nc3 d6 4. Bf4 Nd7 5. h3 e6 6. e4 Ne7 7. Bc4 a6 8. Bb3 b5 9. Qd3 Bb7 10. a4 b4
11. Ne2 a5 12. c3 Nf6 13. Ng5 O-O 14. c4 c5 15. dxc5 dxc5 16. Qxd8 Rfxd8 17. O-O Nxe4 18. Rab1 Nxg5 19. Bxg5 f6 20. Bf4 e5
21. Be3 Rac8 22. Bc2 f5 23. b3 f4 24. Bd2 Rxd2 25. Nd4 exd4 26. Rbc1 d3 27. Bd1 Rb2 28. Re1 d2 29. Rxe7 dxc1=Q 30. Rxb7 Qxd1+
0-1

[Event "Turtle Speed # 18"]
[Site "SchemingMind.com"]
[Date "2009.01.16"]
[Round "-"]
[White "adub"]
[Black "Archon"]
[Result "0-1"]
[WhiteCountry "USA"]
[BlackCountry "CAN"]
[WhiteElo "1413"]
[WhiteRD "108"]
[BlackElo "1698"]
[BlackRD "55"]
[GameID "187813"]

1. d4 g6 2. c4 Bg7 3. e3 d6 4. Nc3 c5 5. Nf3 cxd4 6. exd4 Bg4 7. Be2 Nh6 8. h3 Bxf3 9. Bxf3 Nc6 10. Be3 Nf5
11. Ne2 Rc8 12. Qa4 O-O 13. Bxc6 bxc6 14. Rd1 Qb6 15. Qc2 Nxe3 16. fxe3 Bh6 17. Qc3 c5 18. Nf4 Bxf4 19. exf4 cxd4 20. Qxd4 Qxd4
21. Rxd4 Rc5 22. b4 Rc7 23. Ke2 Rfc8 24. Rc1 a6 25. a4 Kf8 26. g4 Ke8 27. Ke3 Rb7 28. Rb1 Rcb8 29. b5 axb5 30. cxb5 Kd7
31. Ke4 Rb6 32. Kd5 Ra8 33. Ra1 Rxb5+ 34. axb5 Rxa1 35. Re4 Ra5 36. Rb4 e6+ 37. Kc4 Kc7 38. h4 Kb6 39. g5 d5+ 40. Kd4 Rxb5
41. Ra4 Rb3 42. Ke5 Rh3 43. Kf6 Rxh4 44. Kxf7 e5 45. Ke6 Rxf4 46. Ra8 Rf5 47. Kxd5 Rxg5 48. Rh8 h5 49. Rh6 e4+ 50. Kxe4 Rg4+
51. Ke5 Kc5 52. Rh7 h4 53. Rc7+= Kb6 54. Rc2 g5 55. Kf5 Rg3 56. Rh2 h3 57. Kg6 g4 58. Kg5 Rg2 59. Rh1 h2
0-1

[Event "Turtle Speed # 18"]
[Site "SchemingMind.com"]
[Date "2009.01.15"]
[Round "-"]
[White "Alvaro.H.A"]
[Black "Archon"]
[Result "0-1"]
[WhiteCountry "IRL"]
[BlackCountry "CAN"]
[WhiteElo "1383"]
[WhiteRD "140"]
[BlackElo "1698"]
[BlackRD "55"]
[GameID "187814"]

1. e4 g6 2. d4 Bg7 3. e5 d6 4. Bf4 dxe5 5. Bxe5 Nf6 6. d5 O-O 7. Nc3 Nbd7 8. Nf3 Nxe5 9. Nxe5 e6 10. Bc4 exd5
11. Nxd5 Nxd5 12. Bxd5 Bxe5 13. O-O c6 14. Be4 Qxd1 15. Raxd1 Bxb2 16. Rfe1 Bf6 17. Rd6 Bc3 18. Re3 Bg7 19. c4 Be6 20. c5 Rfd8
21. f4 Rxd6
0-1

[Event "Turtle Speed # 18"]
[Site "SchemingMind.com"]
[Date "2009.01.15"]
[Round "-"]
[White "efreddy"]
[Black "alejandroales"]
[Result "1-0"]
[WhiteCountry "BEL"]
[BlackCountry "ARG"]
[WhiteElo "2104"]
[WhiteRD "163"]
[BlackElo "1785"]
[BlackRD "92"]
[GameID "187831"]

1. e4 c5 2. Nf3 e6 3. d4 cxd4 4. Nxd4 a6 5. Bd3 Nc6 6. Nxc6 bxc6 7. O-O d5 8. e5 c5 9. c4 d4 10. Nd2 Ne7
11. Ne4 Nc6 12. Bf4 Bb7 13. a3 Qc7 14. Nd6+ Bxd6 15. exd6 Qd7 16. Qh5 g6 17. Qxc5 O-O 18. b4 f6 19. Bg3 Rf7 20. Rae1 e5
21. f4 Raf8 22. fxe5 Nxe5 23. Bxe5 fxe5 24. Rxf7 Rxf7 25. Qxe5 Qg4 26. Be4 d3 27. h3 Qh4 28. Bxb7 Qf2+ 29. Kh1 d2 30. Rd1 Qf1+
31. Rxf1 Rxf1+ 32. Kh2 d1=Q 33. Bd5+
1-0

[Event "Turtle Speed # 18"]
[Site "SchemingMind.com"]
[Date "2009.01.15"]
[Round "-"]
[White "efreddy"]
[Black "Archon"]
[Result "1-0"]
[WhiteCountry "BEL"]
[BlackCountry "CAN"]
[WhiteElo "2152"]
[WhiteRD "145"]
[BlackElo "1694"]
[BlackRD "57"]
[GameID "187832"]

1. e4 g6 2. d4 Bg7 3. Nc3 d6 4. Nf3 a6 5. h3 b5 6. a4 b4 7. Nd5 a5 8. Bd3 Ba6 9. Nf4 Nd7 10. Bxa6 Rxa6
11. O-O e6 12. Qd3 Ra8 13. Qb3 Ne7 14. Ng5 O-O 15. Ngxe6 Qc8 16. Nxf8 Nxf8 17. Be3 Nd7 18. Nd3 c5 19. dxc5 dxc5 20. Qc4 Qb7
21. Rad1 Ne5 22. Nxe5 Bxe5 23. c3 Rc8 24. Rd2 Rc7 25. Rfd1 Kg7 26. f4 Bf6 27. Rd6 Nc8 28. Rxf6 Kxf6 29. Bd4+ cxd4 30. Qxd4+ Ke7
31. Qe5+
1-0